MAASAI MARA UNIVERSITY

LIBRARY CATALOGUE

Contact Us: +254 020 2685356/7 or 0774 057787

Box: 861-20500, NAROK, KENYA

Email: info@mmarau.ac.ke

Greekonomics The Real cost of insecure Software / (Record no. 7918)

MARC details
000 -LEADER
fixed length control field 00543nam a2200193Ia 4500
003 - CONTROL NUMBER IDENTIFIER
control field OSt
005 - DATE AND TIME OF LATEST TRANSACTION
control field 20210701111009.0
008 - FIXED-LENGTH DATA ELEMENTS--GENERAL INFORMATION
fixed length control field 151021s9999 xx 000 0 und d
020 ## - INTERNATIONAL STANDARD BOOK NUMBER
International Standard Book Number 321477898
040 ## - CATALOGING SOURCE
Original cataloging agency MMU
Language of cataloging eng
Transcribing agency MMU
Modifying agency MMU
050 ## - LIBRARY OF CONGRESS CALL NUMBER
Classification number QA 76.9 .A25 R48 2007
100 ## - MAIN ENTRY--PERSONAL NAME
Personal name Rice David
245 ## - TITLE STATEMENT
Title Greekonomics The Real cost of insecure Software /
Statement of responsibility, etc. David Rice.
260 ## - PUBLICATION, DISTRIBUTION, ETC. (IMPRINT)
Place of publication, distribution, etc. New York :
Name of publisher, distributor, etc. Pearson Education,
Date of publication, distribution, etc. 1999.
300 ## - PHYSICAL DESCRIPTION
Extent xx,362 p. :
500 ## - GENERAL NOTE
General note Includes index
650 ## - SUBJECT ADDED ENTRY--TOPICAL TERM
Topical term or geographic name as entry element _Computer Security
942 ## - ADDED ENTRY ELEMENTS (KOHA)
Source of classification or shelving scheme Library of Congress Classification
Koha item type L
Holdings
Withdrawn status Lost status Source of classification or shelving scheme Damaged status Not for loan Home library Current library Date acquired Source of acquisition Total Checkouts Full call number Barcode Date last seen Price effective from Koha item type
    Library of Congress Classification     Maasai Mara University Library -Main Campus Maasai Mara University Library -Main Campus 07/04/2016 Donation   QA76.9.A25R48 2007 20116389 07/04/2016 07/04/2016 L
© 2016 Maasai Mara University.